000 00313nam a2200109Ia 4500
008 200302s9999 xx 000 0 und d
100 _aCatherine Dee
245 _aForm and Fabric in Landscape Architecture A Visual Introduction
260 _bSpon Press Taylor and Francis Group
260 _c2001
300 _a214 P.,
999 _c3877
_d3877